000 00279 a2200145 4500
001 177164
020 _a
040 _cMagnum
100 _aLima, Maria Luisa A.
240 1 0 _aEspaco
_lpor
245 1 0 _aEspaco
362 0 _a1899
697 _aMAGNITO: IJ/GERAL
942 _cBK
999 _c177164
_d177164